Cutting Edge. Upper-intermediate: Teacher's Resource Book

Bibliografiske detaljer
Hovedforfatter: Cunningham S. Sarah
Andre forfattere: Moor P. Peter
Summary:Cutting Edge is a multi-level general English course for adults and young adults. It combines rich international content, comprehensive grammar, and real-life functional language within a clear, easy-to-teach structure. Cutting Edge Teacher's Resource Book provides teachers with all the support they need in order to be able to use the course successfully in a variety of teaching situations.Teacher's tips section with practical ideas on teaching vocabulary and grammar, using the Mini-dictionary and making speaking tasks work Step-by-step Teacher's notes with suggestions for alternative procedures and extension activities The integrated photocopiable Resource bank provides up to 30 hours of additional material to consolidate and extend the Students' Book. It includes learner-training worksheets, communicative activities to provide additional practice of grammar and vocabulary, and progress tests.
Sprog:engelsk
Udgivet: Harlow, Longman, 2004
Udgivelse:7th ed.
Fag:
Format: MixedMaterials Bog
KOHA link:https://koha.lib.tpu.ru/cgi-bin/koha/opac-detail.pl?biblionumber=195410

MARC

LEADER 00000nam0a2200000 4500
001 195410
005 20231101224629.0
010 |a 0582325250 
035 |a (RuTPU)RU\TPU\book\213154 
035 |a RU\TPU\book\111797 
090 |a 195410 
100 |a 20110510d2004 m y0engy50 ba 
101 0 |a eng 
102 |a GB 
105 |a y j 000zy 
200 1 |a Cutting Edge. Upper-intermediate  |e Teacher's Resource Book  |f S. Cunningham, P. Moor 
205 |a 7th ed. 
210 |a Harlow  |c Longman  |d 2004 
215 |a 175 p. 
330 |a Cutting Edge is a multi-level general English course for adults and young adults. It combines rich international content, comprehensive grammar, and real-life functional language within a clear, easy-to-teach structure. Cutting Edge Teacher's Resource Book provides teachers with all the support they need in order to be able to use the course successfully in a variety of teaching situations.Teacher's tips section with practical ideas on teaching vocabulary and grammar, using the Mini-dictionary and making speaking tasks work Step-by-step Teacher's notes with suggestions for alternative procedures and extension activities The integrated photocopiable Resource bank provides up to 30 hours of additional material to consolidate and extend the Students' Book. It includes learner-training worksheets, communicative activities to provide additional practice of grammar and vocabulary, and progress tests. 
606 1 |a Английский язык  |x Учебные руководства и пособия  |x Учебные руководства и пособия для высшей школы  |2 stltpush  |3 (RuTPU)RU\TPU\subj\29071  |9 52483 
610 1 |a лексика 
610 1 |a грамматика 
610 1 |a разговорная речь 
610 1 |a упражнения 
610 1 |a методика 
610 1 |a преподавание 
610 1 |a обучение 
686 |a Ш143.21-923  |v LBC/SL-A  |2 rubbk 
686 |a Ш143.21-91  |v LBC/SL-A  |2 rubbk 
700 1 |a Cunningham  |b S.  |g Sarah 
701 1 |a Moor  |b P.  |g Peter 
801 1 |a RU  |b 63413507  |c 20061020  |g PSBO 
801 2 |a RU  |b 63413507  |c 20170619  |g PSBO 
942 |c BK 
959 |a 14/20070214  |d 1  |e 0  |f ЯЦ_Медиатека:1